000 00213 a2200085 4500
020 _a 9789881652867
100 _a Ifengspace and Beijing
245 _aSenior Living Achitecture
260 _b Phoenix Publication
_c 2013
999 _c13374
_d13374